The art of flower and foliage arrangement
Sparad:
| Huvudupphovsman: | |
|---|---|
| Materialtyp: | Bok |
| Språk: | Undetermined |
| Publicerad: |
New York
McMillan
1958
|
| Ämnen: | |
| Taggar: |
Lägg till en tagg
Inga taggar, Lägg till första taggen!
|
| Thư viện lưu trữ: | Trung tâm Học liệu Trường Đại học Cần Thơ |
|---|
| LEADER | 00482nam a2200181Ia 4500 | ||
|---|---|---|---|
| 001 | CTU_9604 | ||
| 008 | 210402s9999 xx 000 0 und d | ||
| 082 | |a 745.92 | ||
| 082 | |b R982 | ||
| 100 | |a Anna Hong Rutt | ||
| 245 | 4 | |a The art of flower and foliage arrangement | |
| 245 | 0 | |c Anna Hong Rutt | |
| 260 | |a New York | ||
| 260 | |b McMillan | ||
| 260 | |c 1958 | ||
| 650 | |a flower arrangement | ||
| 904 | |i Minh, 960930 | ||
| 980 | |a Trung tâm Học liệu Trường Đại học Cần Thơ | ||